000 01391nam a2200337 c 4500
003 BLK
005 20180422093324.0
008 180412b bul|||||r ||||||| ||bul||
010 _aKNG00004447000
020 _a954-8150-22-0
_bиздат.: Сиби
040 _aBLK
041 _aBUL
_cBUL
080 _aОсновни задачи на общественото управление
_b351
_x:347.7(497.2)(094.9)
_z351:347.7(497.2)(094.9)
700 1 _aТаджер, Витали Езра
_eсъстав., встъп. статия и бел.
_9363561
700 1 _aГерджиков, Огнян
_eсъавт.
_9363562
139 _aБългария. Закони и др. п.
_bБ 92
245 1 0 _aТърговско право
_bСб. нормативни актове
_cсъстав., встъп. статия и бел. Витали Езра Таджер; съавт. Огнян Герджиков.
257 _aBGR
260 София
_bСиби
_c1994
300 _a448 с.
_c22 см
380 _a3
500 _a4 000 тир.
650 4 _aТърговско право - България - нормативни актове
_9247195
651 4 _aБългария
_9241624
653 _aзаконодателство
852 _aЦб 178642
856 4 _qpdf
_u
856 4 _qpdf
_u
942 _cKNG
_n0
944 _aCR
_c15.01.2003
_kAB_DOS
944 _aED
_c25.11.2014
_kРенета_Константинова
999 _c3369
_d3369